000 00595nam a22001697a 4500
005 20251108171034.0
008 250721s1996 xx 000 0 ara d
082 1 4 _a410/احم
100 1 _aالمعتوق، أحمد محمد
245 1 0 _aالحصيلة اللغوية :
_bأهميتها- مصادرها - وسائل تنميتها /
264 1 _aالكويت :
_bالمجلس الوطني للثقافة والفنون والأدب،
_c1996.
300 _a382ص
490 0 _aعالم المعرفة ، 212
650 1 7 _aاللغة العربية
942 _2ddc
_cBK
999 _c55036
_d55036